ბათუმის შოთა რუსთაველის სახელმწიფო უნივერსიტეტის ბიბლიოთეკა

სონეტები / (ბიბ.ჩანაწერი № 56007)

000 -ლიდერი
ფიქსირებული სიგრძის საკონტროლო ველი 01071nam a2200253Ia 4500
001 - საკონტროლო ნომერი
საკონტროლო ველი 23107
003 - საკონტროლო ნომრის იდენტიფიკატორი
საკონტროლო ველი GE_BSU
005 - ბოლო ოპერაციის თარიღი და დრო
საკონტროლო ველი 20230712110147.0
008 - ფიქსირებული სიგრძის მონაცემთა ელემენტები - ზოგადი ინფორმაცია
ფიქსირებული სიგრძის საკონტროლო ველი 181216s1952||||ge |||||||||||||| ||geo||
040 ## - კატალოგიზაციის წყარო
Transcribing agency GE_BSU
041 ## - ენის კოდი
Language code of text/sound track or separate title geo
080 ## - უნივერსალური ათობითი კლასიფიკაციის ინდექსი
Universal Decimal Classification number 821.111-193.3 შ-56
100 ## - მთავარი ჩანაწერი - პიროვნების სახელი
Personal name შექსპირი, უილიამ
9 (RLIN) 19260
245 ## - ცნობა სათაურის შესახებ
Title სონეტები /
Statement of responsibility, etc ინგლ. თარგმ. გივი გაჩეჩილაძის მიერ ; რედ. ო. ჩხეიძე.
264 ## - წარმოების, გამოცემის, დისტრიბუციის და სხვა ცნობები
გამოცემის, წარმოების, დისტრიბუციის... ადგილი თბილისი :
გამოცემის, წარმოების, დისტრიბუციის... სახელწოდება სახელგამი,
გამოცემის, წარმოების, დისტრიბუციის... თარიღი 1952.
300 ## - ფიზიკური აღწერა
Extent 192 გვ. ;
Dimensions 18 სმ.
500 ## - ზოგადი შენიშვნა
General note გაშლილი თავფურცელი ინგლისურ ენაზე
520 ## - SUMMARY, ETC.
Summary, etc გაშლ. თავფურც. ინგლ. ენ.
653 ## - INDEX TERM--UNCONTROLLED
Uncontrolled term სონეტები
700 ## - ADDED ENTRY--PERSONAL NAME
Personal name გაჩეჩილაძე, გივი
Relator term მთარგმნელი
9 (RLIN) 5703
700 ## - ADDED ENTRY--PERSONAL NAME
Personal name ჩხეიძე, ო.
Relator term რედაქტორი
9 (RLIN) 19261
942 ## - ADDED ENTRY ELEMENTS (KOHA)
Koha item type წიგნი
Source of classification or shelving scheme
ეგზემპლარები
ჩამოწერის სტატუსი დაკარგული ეგზემპლარის სტატუსი კლასიფიკაციის წყარო ან თაროზე გაწყობის სქემა დაზიანების სტატუსი არ გაიცემა მუდმივი მდებარეობა (დაცვის ადგილი) ამჟამინდელი ადგილსამყოფელი თაროზე განთავსების ადგილი შეძენის თარიღი ღირებულება, შესყიდვის ნორმალური ფასი სრული შენახვის შიფრი შტრიხკოდი ბოლო ოპერაციის თარიღი ეგზემპლარის მიმდევრობითი ნომერი (კეტერი?) ფასის ძალაში შესვლის თარიღი ეგზემპლარის სახეობა საჯარო შენიშვნა
          ბათუმის შოთა რუსთაველის სახელმწიფო უნივერსიტეტის მთავარი ბიბლიოთეკა ბათუმის შოთა რუსთაველის სახელმწიფო უნივერსიტეტის მთავარი ბიბლიოთეკა წიგნსაცავი 2018-12-17 6.80 821.111-193.3 შ-56 58546 2018-12-17 58546 2018-12-17 წიგნი 6.80 ₾.